Tập thô trong bảng quyết định /

Đã lưu trong:
书目详细资料
主要作者: Hà Quang Thụy.
格式: Bài viết
语言:Vietnamese
主题:
标签: 添加标签
没有标签, 成为第一个标记此记录!
Thư viện lưu trữ: Thư viện Trường Đại học Đà Lạt
LEADER 00734nam a2200265 4500
001 DLU120144542
005 ##20121211
040 # # |a DLU  |b vie 
041 # # |a vie 
044 # # |a vn 
100 # # |a Hà Quang Thụy. 
245 # # |a Tập thô trong bảng quyết định /  |c Hà Quang Thụy. 
653 # # |a Phân tử 
653 # # |a Tập hữu hạn 
653 # # |a Thuật toán 
773 # # |t Tạp chí Khoa học tự nhiên  |g Số 4, 1996, tr. 6-12 
920 # # |a Phòng Tạp chí -- Trung tâm Thông tin - Thư viện Trường Đại học Đà Lạt 
994 # # |a DLU 
900 # # |a True 
911 # # |a Nguyễn Thị Linh Chi 
925 # # |a G 
926 # # |a A 
927 # # |a BB 
980 # # |a Thư viện Trường Đại học Đà Lạt